| 000 | 00617nam a2200181 i 4500 | ||
|---|---|---|---|
| 001 | 38809 | ||
| 003 | ES-MaACL | ||
| 007 | t| | ||
| 008 | 030226q19001999sp ||||1| spa d | ||
| 100 | 1 |
_aCamargo y Marín, César. _934013 |
|
| 245 | 1 | 3 |
_aEl psicoanálisis en la dóctrina y en la práctica judicial / _cCésar Camargo y Marín. |
| 260 |
_aMadrid : _bAguilar, _c[19--?] ( _fM. Minuesa de los Ríos) |
||
| 300 |
_a648 p. ; _c19 cm. |
||
| 490 | 1 | _aBiblioteca ideas y estudios contemporáneos | |
| 830 | 0 |
_aBiblioteca ideas y estudios contemporáneos _9229684 |
|
| 852 |
_aES-MaACL _jB-8681 |
||
| 999 |
_c38809 _d38809 |
||